[Event "DEM U10w 2022"]
[Site "Willingen GER"]
[Date "2022.06.08"]
[Round "6"]
[White "Margaryan, Mari"]
[Black "Mersmann, Jasmin"]
[Result "0-1"]
[Termination "normal"]
[Board "12"]
[WhiteElo "792"]
[BlackElo "1099"]
[WhiteClock "01:18:21"]
[BlackClock "01:11:20"]
[PlyCount "114"]
[WhiteFideId "16279700"]
[BlackFideId "34630287"]
[EventCountry "GER"]
[EventRounds "11"]
[EventType "swiss"]
[EventDate "2022.06.04"]

1. d4 {[%clk 01:15:58]} d5 {[%clk 01:15:55]} {[%emt 00:00:06]} 2. e3 {[%clk
01:16:22]} {[%emt 00:00:06]} Nf6 {[%clk 01:14:58]} {[%emt 00:01:27]} 3. Nf3
{[%clk 01:16:30]} {[%emt 00:00:22]} Bg4 {[%clk 01:14:55]} {[%emt 00:00:34]} 4.
Be2 {[%clk 01:16:51]} {[%emt 00:00:09]} c5 {[%clk 01:14:57]} {[%emt 00:00:27]}
5. Nc3 {[%clk 01:16:52]} {[%emt 00:00:28]} Nc6 {[%clk 01:14:51]} {[%emt
00:00:37]} 6. h3 {[%clk 01:17:03]} {[%emt 00:00:19]} Bh5 {[%clk 01:15:02]}
{[%emt 00:00:18]} 7. g4 {[%clk 01:17:20]} {[%emt 00:00:14]} Bg6 {[%clk
01:15:07]} {[%emt 00:00:25]} 8. Bd3 {[%clk 01:17:01]} {[%emt 00:00:49]} c4
{[%clk 01:15:13]} {[%emt 00:00:25]} 9. Be2 {[%clk 01:15:53]} {[%emt 00:01:37]}
e6 {[%clk 01:15:13]} {[%emt 00:00:30]} 10. Ne5 {[%clk 01:15:53]} {[%emt
00:00:30]} Nxe5 {[%clk 01:14:18]} {[%emt 00:01:23]} 11. dxe5 {[%clk 01:16:09]}
{[%emt 00:00:16]} Nd7 {[%clk 01:13:17]} {[%emt 00:01:32]} 12. h4 {[%clk
01:16:20]} {[%emt 00:00:19]} h6 {[%clk 01:11:48]} {[%emt 00:01:58]} 13. h5
{[%emt 00:00:31]} Bh7 {[%clk 01:11:58]} {[%emt 00:00:10]} 14. Bf3 {[%clk
01:16:10]} {[%emt 00:00:48]} Qc7 {[%clk 01:11:38]} {[%emt 00:00:50]} 15. e4
{[%clk 01:16:02]} {[%emt 00:00:39]} Qxe5 {[%clk 01:11:18]} {[%emt 00:00:50]}
16. Qe2 {[%clk 01:15:35]} {[%emt 00:00:56]} O-O-O {[%clk 01:10:07]} {[%emt
00:01:42]} 17. exd5 {[%clk 01:15:19]} {[%emt 00:00:46]} Qxe2+ {[%clk 01:10:10]}
{[%emt 00:00:27]} 18. Bxe2 {[%clk 01:14:54]} {[%emt 00:00:54]} exd5 {[%clk
01:10:20]} {[%emt 00:00:22]} 19. Nxd5 {[%clk 01:15:12]} {[%emt 00:00:11]} Ne5
{[%clk 01:09:51]} {[%emt 00:00:59]} 20. Nb4 {[%clk 01:14:50]} {[%emt 00:00:53]}
Bxb4+ {[%clk 01:10:07]} {[%emt 00:00:13]} 21. c3 {[%clk 01:14:59]} {[%emt
00:00:21]} Bc5 {[%clk 01:10:09]} {[%emt 00:00:27]} 22. Bf4 {[%clk 01:15:04]}
{[%emt 00:00:26]} Nd3+ {[%clk 01:10:07]} {[%emt 00:00:32]} 23. Bxd3 {[%clk
01:14:56]} {[%emt 00:00:37]} Bxd3 {[%clk 01:10:19]} {[%emt 00:00:19]} 24. O-O-O
{[%clk 01:14:37]} {[%emt 00:00:49]} Bxf2 {[%clk 01:10:26]} {[%emt 00:00:23]}
25. Rhf1 {[%clk 01:14:40]} {[%emt 00:00:27]} Bxf1 {[%clk 01:10:38]} {[%emt
00:00:17]} 26. Rxf1 {[%clk 01:15:02]} {[%emt 00:00:09]} Bc5 {[%clk 01:10:29]}
{[%emt 00:00:39]} 27. b4 {[%emt 00:00:58]} Bb6 {[%clk 01:10:19]} 28. Re1 {[%clk
01:15:11]} {[%emt 00:00:32]} Rhe8 {[%clk 01:10:23]} {[%emt 00:00:27]} 29. Rxe8
{[%clk 01:15:13]} {[%emt 00:00:29]} Rxe8 {[%clk 01:10:43]} {[%emt 00:00:09]}
30. g5 {[%clk 01:15:00]} {[%emt 00:00:42]} hxg5 {[%clk 01:10:41]} {[%emt
00:00:33]} 31. Bxg5 {[%clk 01:15:19]} {[%emt 00:00:10]} Re1+ {[%clk 01:11:01]}
{[%emt 00:00:11]} 32. Kd2 {[%clk 01:15:05]} {[%emt 00:00:43]} Rg1 {[%clk
01:11:09]} {[%emt 00:00:23]} 33. Bf4 {[%clk 01:14:55]} {[%emt 00:00:40]} Bc7
{[%clk 01:11:20]} {[%emt 00:00:19]} 34. Be3 {[%clk 01:15:13]} {[%emt 00:00:11]}
Rh1 {[%clk 01:11:26]} {[%emt 00:00:25]} 35. Bxa7 {[%clk 01:15:20]} {[%emt
00:00:24]} Rxh5 {[%clk 01:11:42]} {[%emt 00:00:12]} 36. a4 {[%clk 01:15:41]}
{[%emt 00:00:10]} f5 {[%clk 01:11:37]} {[%emt 00:00:34]} 37. Ke3 {[%emt
00:00:09]} f4+ {[%emt 00:00:13]} 38. Kf3 {[%clk 01:15:14]} {[%emt 00:00:11]}
Rh3+ {[%clk 01:11:21]} {[%emt 00:01:10]} 39. Kg2 {[%emt 00:00:12]} Rxc3 {[%emt
00:00:20]} 40. Bd4 {[%clk 01:14:34]} {[%emt 00:00:38]} Rb3 {[%clk 01:11:26]}
{[%emt 00:00:26]} 41. Bxg7 {[%clk 01:14:44]} {[%emt 00:00:20]} Rxb4 {[%clk
01:11:38]} {[%emt 00:00:18]} 42. Bh6 {[%clk 01:15:09]} {[%emt 00:00:05]} Rxa4
{[%clk 01:11:39]} {[%emt 00:00:29]} 43. Kf3 {[%emt 00:00:14]} c3 {[%emt
00:00:11]} 44. Ke2 {[%clk 01:14:58]} {[%emt 00:00:16]} Be5 {[%clk 01:11:18]}
{[%emt 00:00:52]} 45. Kd3 {[%clk 01:15:05]} {[%emt 00:00:22]} b5 {[%clk
01:11:03]} {[%emt 00:00:45]} 46. Bxf4 {[%clk 01:15:02]} {[%emt 00:00:33]} Bxf4
{[%clk 01:11:19]} {[%emt 00:00:14]} 47. Kxc3 {[%clk 01:15:15]} {[%emt
00:00:16]} Be5+ {[%clk 01:11:07]} {[%emt 00:00:42]} 48. Kb3 {[%clk 01:15:34]}
{[%emt 00:00:11]} Rh4 {[%clk 01:11:08]} {[%emt 00:00:29]} 49. Ka3 {[%clk
01:15:51]} {[%emt 00:00:15]} Rc4 {[%clk 01:10:57]} {[%emt 00:00:40]} 50. Kb3
{[%clk 01:16:11]} {[%emt 00:00:10]} Kd7 {[%clk 01:11:19]} {[%emt 00:00:08]} 51.
Ka3 {[%clk 01:16:23]} {[%emt 00:00:18]} Kd6 {[%clk 01:11:36]} {[%emt 00:00:14]}
52. Kb3 {[%clk 01:16:44]} {[%emt 00:00:08]} Kd5 {[%clk 01:11:40]} {[%emt
00:00:26]} 53. Ka3 {[%clk 01:17:09]} {[%emt 00:00:05]} Kd4 {[%clk 01:11:38]}
{[%emt 00:00:32]} 54. Kb3 {[%clk 01:17:32]} {[%emt 00:00:06]} Kd3 {[%clk
01:11:44]} {[%emt 00:00:24]} 55. Ka3 {[%clk 01:17:48]} {[%emt 00:00:14]} Kc3
{[%clk 01:11:58]} {[%emt 00:00:17]} 56. Ka2 {[%clk 01:18:06]} {[%emt 00:00:12]}
Kc2 {[%clk 01:11:20]} {[%emt 00:01:08]} 57. Ka3 {[%clk 01:18:21]} {[%emt
00:00:16]} Ra4# {[%emt 00:01:28]} 0-1

[Event "DEM U10w 2022"]
[Site "Willingen GER"]
[Date "2022.06.08"]
[Round "6"]
[White "Lola, Georgia-Maria"]
[Black "Burchardi, Helena"]
[Result "0-1"]
[Termination "normal"]
[Board "13"]
[WhiteElo "1016"]
[BlackElo "802"]
[PlyCount "132"]
[WhiteFideId "34629335"]
[BlackFideId "34636374"]
[EventCountry "GER"]
[EventRounds "11"]
[EventType "swiss"]
[EventDate "2022.06.04"]

1. e4 e5 2. Nf3 Nc6 3. Nc3 Nf6 4. d4 exd4 5. Nxd4 Nxe4 6. Nxe4 Qe7 7. f3 d5 8.
Bb5 Bd7 9. Bxc6 Bxc6 10. Nxc6 bxc6 11. O-O dxe4 12. fxe4 Qe6 13. Bf4 Bc5+ 14.
Kh1 O-O 15. Bxc7 Qxe4 16. Re1 Qh4 17. Bg3 Qh6 18. Qc1 Qf6 19. Rf1 Qd8 20. Qd1
Qb6 21. b3 Rad8 22. Qg4 Bd4 23. Rad1 Rfe8 24. Bc7 Qxc7 25. Rxd4 Re6 26. Rxd8+
Qxd8 27. Rd1 Qe7 28. h3 Re1+ 29. Rxe1 Qxe1+ 30. Kh2 Kf8 31. Qc8+ Qe8 32. Qf5 g6
33. Qc5+ Qe7 34. Qxe7+ Kxe7 35. Kg3 Ke6 36. Kf4 Kd5 37. Ke3 Ke5 38. Kd3 Kf4 39.
Kc4 Kg3 40. Kc5 Kxg2 41. Kxc6 Kxh3 42. c4 f5 43. Kd5 f4 44. c5 f3 45. c6 f2 46.
c7 f1=Q 47. c8=Q+ Qf5+ 48. Qxf5+ gxf5 49. a4 f4 50. Ke4 Kg3 51. b4 f3 52. b5 f2
53. a5 f1=Q 54. b6 axb6 55. axb6 Qb5 56. Kd4 Qxb6+ 57. Ke5 h5 58. Kf5 h4 59.
Kg5 h3 60. Kf5 h2 61. Ke5 h1=Q 62. Kf5 Qh5+ 63. Ke4 Qb4+ 64. Kd3 Qf3+ 65. Kc2
Qe2+ 66. Kc1 Qbb2# 0-1

[Event "DEM U10w 2022"]
[Site "Willingen GER"]
[Date "2022.06.08"]
[Round "6"]
[White "Weißleder, Emia"]
[Black "Nguyen, Minh Anh"]
[Result "1/2-1/2"]
[Termination "normal"]
[Board "14"]
[WhiteElo "983"]
[BlackElo "774"]
[PlyCount "54"]
[WhiteFideId "34682627"]
[EventCountry "GER"]
[EventRounds "11"]
[EventType "swiss"]
[EventDate "2022.06.04"]

1. e4 d6 2. d4 e5 3. dxe5 dxe5 4. Qxd8+ Kxd8 5. Nc3 Bd6 6. Be3 Nf6 7. O-O-O Ke7
8. Bc4 Re8 9. Nf3 Kf8 10. Nb5 Be6 11. Bxe6 Rxe6 12. Bg5 h5 13. Bxf6 Rxf6 14.
Rd3 a6 15. Nxd6 Rxd6 16. Nxe5 Re6 17. Rd5 c6 18. Rd8+ Ke7 19. Nxc6+ Rxc6 20.
Rhd1 Rc7 21. Rg8 Rd7 22. Rxd7+ Kxd7 23. f4 Kc7 24. e5 Ra7 25. f5 Nc6 26. e6
fxe6 27. fxe6 Kd6 1/2-1/2

[Event "DEM U10w 2022"]
[Site "Willingen GER"]
[Date "2022.06.08"]
[Round "6"]
[White "Krannich, Eva"]
[Black "Beimler, Annemarie"]
[Result "1/2-1/2"]
[Termination "normal"]
[Board "15"]
[WhiteElo "845"]
[BlackElo "954"]
[PlyCount "79"]
[WhiteFideId "34639713"]
[EventCountry "GER"]
[EventRounds "11"]
[EventType "swiss"]
[EventDate "2022.06.04"]

1. e3 e5 2. d4 exd4 3. exd4 d5 4. Bd3 Nc6 5. Ne2 Bd6 6. Nbc3 Nf6 7. Bg5 h6 8.
Bh4 a6 9. Qd2 Bg4 10. Nxd5 g5 11. Nxf6+ Qxf6 12. Bg3 Nxd4 13. Nxd4 Qxd4 14.
Bb5+ axb5 15. Qxd4 O-O-O 16. Qxg4+ Kb8 17. O-O Be7 18. Rad1 h5 19. Rxd8+ Bxd8
20. Qe2 h4 21. Be5 Re8 22. Bxc7+ Bxc7 23. Qxe8+ Ka7 24. Qxf7 Be5 25. Qd5 Bxb2
26. Qxb5 Bc3 27. Qc5+ b6 28. Qxc3 g4 29. Qg7+ Ka6 30. Qxg4 h3 31. Qxh3 Ka5 32.
Qa3+ Kb5 33. Rb1+ Kc6 34. h4 b5 35. Qa6+ Kd5 36. Qxb5+ Ke6 37. h5 Kf7 38. Qc6
Ke7 39. Rb7+ Kd8 40. h6 1/2-1/2

[Event "DEM U10w 2022"]
[Site "Willingen GER"]
[Date "2022.06.08"]
[Round "6"]
[White "Albrecht, Sidney Jenna"]
[Black "Jiang, Lucia"]
[Result "0-1"]
[Termination "normal"]
[Board "17"]
[WhiteElo "814"]
[BlackElo "919"]
[PlyCount "50"]
[WhiteFideId "34660283"]
[EventCountry "GER"]
[EventRounds "11"]
[EventType "swiss"]
[EventDate "2022.06.04"]

{unterminated} 1. e4 e5 2. Nf3 Nc6 3. Bc4 Nf6 4. d4 exd4 5. O-O Bc5 6. e5 d5 7.
exf6 dxc4 8. Re1+ Be6 9. Ng5 Qxf6 10. Nxe6 fxe6 11. Qh5+ g6 12. Qxc5 Rf8 13.
Rf1 O-O-O 14. Qxc4 Kb8 15. a4 Rd5 16. Bh6 Rf7 17. b4 Kc8 18. a5 d3 19. a6 Nd8
20. axb7+ Kb8 21. Qa6 Nc6 22. Qxc6 Rh5 23. Ra4 Qe5 24. Qe8+ Kxb7 25. Qxf7 Qxh2#
0-1

[Event "DEM U10w 2022"]
[Site "Willingen GER"]
[Date "2022.06.08"]
[Round "6"]
[White "Marrufo, Adriana"]
[Black "Subocz, Barbara"]
[Result "1-0"]
[Termination "normal"]
[Board "19"]
[WhiteElo "927"]
[BlackElo "902"]
[PlyCount "49"]
[WhiteFideId "34630252"]
[BlackFideId "41805658"]
[EventCountry "GER"]
[EventRounds "11"]
[EventType "swiss"]
[EventDate "2022.06.04"]

1. e4 e5 2. Nf3 Nc6 3. Bc4 Bc5 4. c3 Nf6 5. d4 exd4 6. e5 d5 7. Bb5 Ne4 8. cxd4
Bb4+ 9. Bd2 Bxd2+ 10. Nbxd2 Nxd2 11. Nxd2 Bd7 12. Nb3 a6 13. Bd3 Qe7 14. Rc1
O-O-O 15. Qc2 Kb8 16. Nc5 Qg5 17. O-O Bh3 18. g3 Nxd4 19. Qc3 Nf3+ 20. Kh1 d4
21. Qb4 Bc8 22. Bxa6 b6 23. Bxc8 Qh6 24. Na6+ Kxc8 25. Rxc7# 1-0

[Event "DEM U10w 2022"]
[Site "Willingen GER"]
[Date "2022.06.08"]
[Round "6"]
[White "Kühn, Nicole"]
[Black "Reetz, Shaila"]
[Result "1-0"]
[Termination "normal"]
[Board "20"]
[WhiteElo "870"]
[BlackElo "1112"]
[PlyCount "69"]
[WhiteFideId "34610510"]
[BlackFideId "34630317"]
[EventCountry "GER"]
[EventRounds "11"]
[EventType "swiss"]
[EventDate "2022.06.04"]

1. e4 e5 2. Nf3 Nc6 3. Bc4 Bc5 4. d3 d6 5. c3 a6 6. Be3 Bxe3 7. fxe3 Nf6 8. O-O
O-O 9. Nbd2 Ne7 10. Qe1 Ng6 11. Qg3 Nh5 12. Qg5 Qe8 13. Qxh5 h6 14. Qxg6 b5 15.
Bd5 c6 16. Bb3 Be6 17. Qg3 Bxb3 18. axb3 Qe7 19. Nh4 Kh8 20. Nf5 Qf6 21. Rf3
Rg8 22. Raf1 g6 23. Nxh6 Qg7 24. Nxg8 Kxg8 25. Rf6 Ra7 26. Rxd6 Rc7 27. Rd8+
Kh7 28. Qh3+ Qh6 29. Rh8+ Kxh8 30. Qxh6+ Kg8 31. Rf3 Rd7 32. Rh3 f6 33. Qxg6+
Kf8 34. Qxf6+ Ke8 35. Rh8# 1-0

[Event "DEM U10w 2022"]
[Site "Willingen GER"]
[Date "2022.06.08"]
[Round "7"]
[White "Bacakova, Klara"]
[Black "Ramakrishnan, Veda"]
[Result "0-1"]
[Termination "normal"]
[Board "1"]
[WhiteElo "1169"]
[BlackElo "1191"]
[WhiteClock "00:00:36"]
[BlackClock "00:20:52"]
[PlyCount "86"]
[WhiteFideId "34605762"]
[BlackFideId "16269519"]
[EventCountry "GER"]
[EventRounds "11"]
[EventType "swiss"]
[EventDate "2022.06.04"]

1. e4 {[%clk 01:15:56]} {[%emt 00:00:04]} d5 {[%clk 01:15:53]} {[%emt
00:00:07]} 2. exd5 {[%clk 01:16:12]} {[%emt 00:00:14]} Qxd5 {[%clk 01:16:13]}
{[%emt 00:00:11]} 3. Nc3 {[%clk 01:15:46]} {[%emt 00:00:56]} Qd8 {[%clk
01:16:37]} {[%emt 00:00:06]} 4. h3 {[%clk 01:15:17]} {[%emt 00:00:59]} Nf6
{[%clk 01:16:14]} {[%emt 00:00:52]} 5. Nf3 {[%clk 01:15:22]} {[%emt 00:00:24]}
Bf5 {[%clk 01:15:49]} {[%emt 00:00:56]} 6. d4 {[%clk 01:12:39]} {[%emt
00:03:14]} e6 {[%clk 01:14:42]} {[%emt 00:01:37]} 7. Bg5 {[%clk 01:10:19]}
{[%emt 00:02:49]} Nbd7 {[%clk 01:13:44]} {[%emt 00:01:29]} 8. Qd2 {[%clk
01:06:52]} {[%emt 00:03:56]} c6 {[%clk 01:12:25]} {[%emt 00:01:49]} 9. O-O-O
{[%clk 01:02:22]} {[%emt 00:05:01]} Bb4 {[%clk 01:11:01]} {[%emt 00:01:54]} 10.
Bd3 {[%clk 00:57:06]} {[%emt 00:05:45]} Bxd3 {[%emt 00:01:17]} 11. Qxd3 {[%clk
00:57:04]} {[%emt 00:00:30]} Qa5 {[%clk 01:09:18]} {[%emt 00:01:28]} 12. Kb1
{[%clk 00:52:05]} {[%emt 00:05:30]} Bxc3 {[%clk 01:08:57]} {[%emt 00:00:50]}
13. Qxc3 {[%clk 00:52:05]} {[%emt 00:00:31]} Qxc3 {[%clk 01:09:20]} {[%emt
00:00:07]} 14. bxc3 {[%clk 00:52:28]} {[%emt 00:00:06]} Ne4 {[%clk 01:09:19]}
{[%emt 00:00:31]} 15. Rde1 {[%clk 00:49:01]} {[%emt 00:03:57]} Nxc3+ {[%clk
01:09:14]} {[%emt 00:00:36]} 16. Kb2 {[%clk 00:47:37]} {[%emt 00:01:54]} Ne4
{[%clk 01:09:02]} 17. c4 {[%clk 00:41:26]} {[%emt 00:07:21]} Nef6 {[%clk
01:06:29]} {[%emt 00:03:04]} 18. Re2 {[%clk 00:38:44]} {[%emt 00:03:13]} h6
{[%clk 01:04:21]} {[%emt 00:02:38]} 19. Be3 {[%clk 00:37:02]} {[%emt 00:02:12]}
Nb6 {[%clk 01:02:52]} {[%emt 00:01:59]} 20. Rc1 {[%clk 00:35:11]} {[%emt
00:02:21]} O-O {[%clk 01:01:55]} {[%emt 00:01:27]} 21. g4 {[%clk 00:33:38]}
{[%emt 00:02:03]} Rac8 {[%clk 00:51:44]} {[%emt 00:10:41]} 22. g5 {[%clk
00:31:56]} {[%emt 00:02:12]} hxg5 {[%clk 00:51:40]} {[%emt 00:00:33]} 23. Bxg5
{[%clk 00:30:23]} {[%emt 00:02:02]} Nfd7 {[%clk 00:50:33]} {[%emt 00:01:36]}
24. c5 {[%clk 00:28:41]} {[%emt 00:02:14]} Nd5 {[%emt 00:00:41]} 25. h4 {[%clk
00:27:44]} {[%emt 00:01:25]} f6 {[%clk 00:46:22]} {[%emt 00:04:29]} 26. Bd2
{[%clk 00:27:34]} {[%emt 00:00:44]} Kf7 {[%clk 00:39:45]} {[%emt 00:07:06]} 27.
Rce1 {[%clk 00:20:34]} {[%emt 00:07:30]} Rfe8 {[%clk 00:39:04]} {[%emt
00:01:09]} 28. h5 {[%clk 00:17:31]} {[%emt 00:03:35]} b6 {[%clk 00:36:23]}
{[%emt 00:03:10]} 29. Rh1 {[%clk 00:15:41]} {[%emt 00:02:22]} bxc5 {[%clk
00:35:26]} {[%emt 00:01:27]} 30. dxc5 {[%clk 00:14:23]} {[%emt 00:01:47]} Nxc5
{[%clk 00:35:16]} {[%emt 00:00:41]} 31. h6 {[%clk 00:10:17]} {[%emt 00:04:35]}
gxh6 {[%clk 00:35:09]} {[%emt 00:00:36]} 32. Rxh6 {[%clk 00:10:08]} {[%emt
00:00:39]} Rh8 {[%clk 00:35:08]} {[%emt 00:00:31]} 33. Rxh8 {[%clk 00:09:54]}
{[%emt 00:00:45]} Rxh8 {[%clk 00:35:27]} {[%emt 00:00:11]} 34. Nd4 {[%clk
00:09:35]} {[%emt 00:00:49]} Rc8 {[%clk 00:33:36]} {[%emt 00:02:21]} 35. f3
{[%clk 00:09:34]} {[%emt 00:00:32]} e5 {[%clk 00:25:58]} {[%emt 00:05:02]} 36.
Nf5 Rb8+ {[%emt 00:04:51]} 37. Kc2 {[%emt 00:01:16]} Nb4+ {[%clk 00:23:59]}
{[%emt 00:01:27]} 38. Bxb4 {[%clk 00:07:30]} {[%emt 00:02:05]} Rxb4 {[%clk
00:24:16]} {[%emt 00:00:13]} 39. Kc3 {[%clk 00:06:51]} {[%emt 00:01:09]} Rf4
{[%clk 00:23:42]} {[%emt 00:00:59]} 40. Nd6+ {[%clk 00:03:23]} {[%emt
00:04:02]} Ke6 {[%clk 00:22:09]} {[%emt 00:02:03]} 41. Nc4 {[%emt 00:01:35]}
Rxf3+ {[%emt 00:02:39]} 42. Kc2 {[%clk 00:01:10]} {[%emt 00:00:21]} Na4 {[%clk
00:20:39]} {[%emt 00:01:06]} 43. Rd2 {[%clk 00:00:36]} {[%emt 00:01:06]} Rc3+
{[%clk 00:20:52]} {[%emt 00:00:16]} 0-1

[Event "DEM U10w 2022"]
[Site "Willingen GER"]
[Date "2022.06.08"]
[Round "7"]
[White "Stiehler, Mara"]
[Black "Kovalskyy, Alicia"]
[Result "0-1"]
[Termination "normal"]
[Board "2"]
[WhiteElo "1200"]
[BlackElo "1499"]
[WhiteClock "00:40:49"]
[BlackClock "00:48:06"]
[PlyCount "46"]
[WhiteFideId "34621199"]
[BlackFideId "34612130"]
[EventCountry "GER"]
[EventRounds "11"]
[EventType "swiss"]
[EventDate "2022.06.04"]

1. e4 {[%clk 01:15:58]} {[%emt 00:00:01]} e5 {[%clk 01:15:54]} {[%emt
00:00:07]} 2. Nf3 {[%clk 01:16:23]} {[%emt 00:00:05]} Nc6 {[%clk 01:16:18]}
{[%emt 00:00:06]} 3. Bc4 {[%clk 01:16:46]} {[%emt 00:00:07]} Bc5 {[%clk
01:16:39]} {[%emt 00:00:08]} 4. c3 {[%clk 01:17:08]} {[%emt 00:00:08]} Nf6
{[%clk 01:17:02]} {[%emt 00:00:08]} 5. d4 {[%clk 01:17:30]} {[%emt 00:00:07]}
exd4 {[%clk 01:17:28]} {[%emt 00:00:05]} 6. O-O {[%clk 01:17:50]} {[%emt
00:00:11]} O-O {[%clk 01:16:14]} {[%emt 00:01:44]} 7. cxd4 {[%clk 01:17:33]}
{[%emt 00:00:46]} Bb6 {[%clk 01:14:17]} {[%emt 00:02:27]} 8. e5 {[%clk
01:16:37]} {[%emt 00:01:25]} Ne8 {[%clk 01:13:45]} {[%emt 00:01:02]} 9. Bg5
{[%clk 01:14:09]} {[%emt 00:02:57]} Ne7 {[%clk 01:13:02]} {[%emt 00:01:15]} 10.
Re1 {[%clk 01:13:04]} {[%emt 00:01:34]} Kh8 {[%clk 01:12:48]} {[%emt 00:00:45]}
11. Qd2 {[%clk 01:09:17]} {[%emt 00:04:15]} f6 {[%clk 01:11:21]} {[%emt
00:01:58]} 12. Qf4 {[%clk 01:08:15]} {[%emt 00:01:32]} Ng6 {[%clk 01:11:09]}
{[%emt 00:00:43]} 13. Qg3 {[%clk 00:57:52]} {[%emt 00:10:52]} fxg5 {[%clk
01:10:34]} {[%emt 00:01:05]} 14. Bd3 {[%clk 00:54:38]} {[%emt 00:03:44]} Nf4
{[%clk 01:03:14]} {[%emt 00:07:49]} 15. Bc2 {[%clk 00:51:51]} {[%emt 00:03:17]}
d5 {[%clk 00:58:10]} {[%emt 00:05:35]} 16. Nxg5 {[%clk 00:45:57]} {[%emt
00:06:24]} Bxd4 {[%clk 00:47:28]} {[%emt 00:11:13]} 17. Qh4 {[%clk 00:43:24]}
{[%emt 00:02:57]} Nh3+ {[%clk 00:47:08]} {[%emt 00:00:56]} 18. gxh3 {[%clk
00:41:30]} {[%emt 00:02:22]} Bxf2+ {[%clk 00:47:08]} {[%emt 00:00:32]} 19. Qxf2
{[%clk 00:41:34]} {[%emt 00:00:24]} Rxf2 {[%clk 00:47:24]} {[%emt 00:00:15]}
20. Kxf2 {[%clk 00:41:25]} {[%emt 00:00:39]} Qxg5 {[%clk 00:47:47]} {[%emt
00:00:08]} 21. Rf1 {[%clk 00:40:55]} {[%emt 00:00:59]} Bxh3 {[%clk 00:47:40]}
{[%emt 00:00:38]} 22. Rg1 {[%clk 00:40:55]} {[%emt 00:00:29]} Qf4+ {[%clk
00:47:50]} {[%emt 00:00:21]} 23. Ke1 {[%clk 00:40:49]} {[%emt 00:00:35]} Qe3+
{[%clk 00:48:06]} {[%emt 00:00:15]} 0-1

[Event "DEM U10w 2022"]
[Site "Willingen GER"]
[Date "2022.06.08"]
[Round "7"]
[White "Hladeniuk, Yelyzaveta"]
[Black "Yang, Sophie"]
[Result "1/2-1/2"]
[Termination "normal"]
[Board "3"]
[WhiteElo "1019"]
[BlackElo "1209"]
[WhiteClock "00:42:06"]
[BlackClock "00:44:29"]
[PlyCount "41"]
[WhiteFideId "34176128"]
[BlackFideId "16279174"]
[EventCountry "GER"]
[EventRounds "11"]
[EventType "swiss"]
[EventDate "2022.06.04"]

1. d4 {[%clk 01:15:56]} {[%emt 00:00:03]} d5 {[%clk 01:15:57]} {[%emt
00:00:04]} 2. c4 {[%clk 01:16:16]} {[%emt 00:00:09]} e6 {[%clk 01:16:23]}
{[%emt 00:00:05]} 3. Nc3 {[%clk 01:16:36]} {[%emt 00:00:08]} Nf6 {[%clk
01:16:43]} {[%emt 00:00:10]} 4. cxd5 {[%clk 01:14:42]} {[%emt 00:02:26]} exd5
{[%clk 01:17:05]} {[%emt 00:00:07]} 5. Bg5 {[%clk 01:15:04]} {[%emt 00:00:10]}
Be7 {[%clk 01:17:26]} {[%emt 00:00:09]} 6. e3 {[%clk 01:15:28]} {[%emt
00:00:05]} O-O {[%clk 01:17:26]} {[%emt 00:00:30]} 7. Bd3 {[%clk 01:15:46]}
{[%emt 00:00:10]} c6 {[%clk 01:17:35]} {[%emt 00:00:23]} 8. Nf3 {[%clk
01:16:02]} {[%emt 00:00:14]} Re8 {[%clk 01:17:27]} {[%emt 00:00:38]} 9. O-O
{[%clk 01:16:20]} {[%emt 00:00:11]} Nbd7 {[%clk 01:17:10]} {[%emt 00:00:47]}
10. Qc2 {[%clk 01:14:36]} {[%emt 00:02:15]} Nf8 {[%clk 01:17:20]} {[%emt
00:00:20]} 11. h3 {[%clk 01:14:42]} {[%emt 00:00:23]} h6 {[%clk 01:15:16]}
{[%emt 00:02:34]} 12. Bh4 {[%clk 01:13:15]} {[%emt 00:01:56]} N6h7 {[%clk
01:09:54]} {[%emt 00:05:54]} 13. Bxe7 {[%clk 01:12:08]} {[%emt 00:01:37]} Qxe7
{[%clk 01:07:34]} {[%emt 00:00:23]} 14. Rfe1 {[%clk 01:12:35]} {[%emt
00:02:30]} Nf6 {[%clk 01:05:49]} {[%emt 00:02:13]} 15. e4 {[%clk 01:12:22]}
{[%emt 00:00:44]} dxe4 {[%clk 01:02:20]} {[%emt 00:01:40]} 16. Nxe4 {[%clk
01:12:37]} {[%emt 00:02:34]} Be6 {[%clk 00:58:18]} {[%emt 00:04:31]} 17. Nc5
{[%clk 01:06:56]} {[%emt 00:06:14]} Rac8 {[%clk 00:51:25]} {[%emt 00:07:20]}
18. Nxe6 {[%clk 00:53:47]} {[%emt 00:13:42]} Nxe6 {[%clk 00:51:18]} {[%emt
00:00:21]} 19. Re2 {[%clk 00:50:51]} {[%emt 00:03:40]} Qd6 {[%clk 00:49:46]}
{[%emt 00:02:00]} 20. Rd1 {[%clk 00:46:01]} {[%emt 00:05:23]} Kf8 {[%clk
00:44:29]} {[%emt 00:05:46]} 21. Bh7 {[%clk 00:42:06]} {[%emt 00:04:25]}
1/2-1/2